| 000 | 00659nam a2200217 a 4500 | ||
|---|---|---|---|
| 005 | 20240501063656.0 | ||
| 008 | 140521s2007 es r 000 0 spa d | ||
| 020 | _a9788423685721 | ||
| 035 | _aUPN01000197414 | ||
| 049 | _aI | ||
| 050 | 4 |
_aPZ78 _bR6.63 |
|
| 100 | 1 |
_aRoca, Núria _933248 |
|
| 245 | 1 | 3 |
_aUn perro en casa / _cNúria Roca ; il. Rosa M. Curto. |
| 260 |
_aBarcelona, Esp. : _bEdebé, _c2007. |
||
| 300 |
_a35 p. : _bil. col. |
||
| 440 | 0 | _aSoy responsable | |
| 650 | 4 |
_aLibros y lectura para niños _92290 |
|
| 650 | 4 |
_aMascotas _vLiteratura infantil _921679 |
|
| 650 | 4 |
_aRESPONSABILIDAD - _vLITERATURA JUVENIL _921597 |
|
| 905 | _aInfantil | ||
| 999 |
_c169515 _d169515 |
||